Count Your blessings / (رقم التسجيلة. 137078)

تفاصيل مارك
000 -LEADER
fixed length control field 00517nam a22001937a 4500
005 - DATE AND TIME OF LATEST TRANSACTION
control field 20251108175549.0
008 - FIXED-LENGTH DATA ELEMENTS--GENERAL INFORMATION
fixed length control field 250721s2000 xx 000 0 eng d
082 14 - DEWEY DECIMAL CLASSIFICATION NUMBER
Classification number J/F/BAR
100 1# - MAIN ENTRY--PERSONAL NAME
Personal name barnett, stephen
245 10 - TITLE STATEMENT
Title Count Your blessings /
264 1# - PRODUCTION, PUBLICATION, DISTRIBUTION, MANUFACTURE, AND COPYRIGHT NOTICE
Place of production, publication, distribution, manufacture new delhi :
Name of producer, publisher, distributor, manufacturer b.jain publishers,
Date of production, publication, distribution, manufacture, or copyright notice 2000.
300 ## - PHYSICAL DESCRIPTION
Extent 32p
490 0# - SERIES STATEMENT
Series statement Read & Shine
650 17 - SUBJECT ADDED ENTRY--TOPICAL TERM
Topical term or geographic name as entry element Fiction
653 ## - INDEX TERM--UNCONTROLLED
Uncontrolled term أطفال مرحلة متوسطة (6-9) سنوات
700 1# - ADDED ENTRY--PERSONAL NAME
Personal name Brooks, Rosie
Relator term Illus.
942 ## - ADDED ENTRY ELEMENTS (KOHA)
Source of classification or shelving scheme Dewey Decimal Classification
Koha item type كتب
المقتنيات
حالة السحب حالة الفقدان مصدر التصنيف حالة التلف غير قابل للإعارة المكتبة الرئيسية المكتبة الحالية موقع الرف تاريخ التزويد الرقم المتسلسل Total Checkouts رقم الإستدعاء الباركود تاريخ آخر ظهور تاريخ الفاتورة نوع المادة (كوها)
    Dewey Decimal Classification     المكتبة المركزية المكتبة المركزية الأطفال 28/07/2025 1678180   J/F/BAR PLD00417818 28/07/2025 28/07/2025 كتب
    Dewey Decimal Classification     المكتبة المركزية المكتبة المركزية مقتنيات قسم التزويد 28/07/2025 1678351   J/F/BAR   28/07/2025 28/07/2025 كتب
    Dewey Decimal Classification     مكتبة البشائر للأطفال مكتبة البشائر للأطفال الأطفال 08/05/2018 1678256   J/F/BAR PLD00420396 28/07/2025 08/05/2018 كتب
    Dewey Decimal Classification     مكتبة قتيبة للأطفال مكتبة قتيبة للأطفال الأطفال 08/05/2018 1678199   J/F/BAR PLD00420392 28/07/2025 08/05/2018 كتب
    Dewey Decimal Classification     مكتبة أم المؤمنين للأطفال مكتبة أم المؤمنين للأطفال الأطفال 08/05/2018 1678237   J/F/BAR PLD00420395 28/07/2025 08/05/2018 كتب
    Dewey Decimal Classification     مكتبة الأميرة ايمان العامة مكتبة الأميرة ايمان العامة الأطفال 08/05/2018 1678332   J/F/BAR PLD00420401 28/07/2025 08/05/2018 كتب
    Dewey Decimal Classification     مكتبة بدر الجديدة للأطفال مكتبة بدر الجديدة للأطفال الأطفال 08/05/2018 1678313   J/F/BAR PLD00420400 28/07/2025 08/05/2018 كتب
    Dewey Decimal Classification     مكتبة بدر للأطفال مكتبة بدر للأطفال الأطفال 08/05/2018 1678294   J/F/BAR PLD00420398 28/07/2025 08/05/2018 كتب
    Dewey Decimal Classification     مكتبة مرج الحمام مكتبة مرج الحمام الأطفال 08/05/2018 1678275   J/F/BAR PLD00420397 28/07/2025 08/05/2018 كتب
    Dewey Decimal Classification     مكتبةمؤتة مكتبةمؤتة الأطفال 08/05/2018 1678218   J/F/BAR PLD00420394 28/07/2025 08/05/2018 كتب
Implemented & Customized by: BBB with SCIT (Smart Chains for Information Technology)

Powered by Koha